000 00273nam a22001097a 4500
082 _a150/PRO
100 _aProphet, Elizabeth Clare
_982934
245 _aCHAKRAS,your 7 Energy Centers
260 _aMumbai
_bJaico Publishing House
_c2016
650 _aPsychology
942 _cBK
999 _c67682
_d67682